Loading...
| Fine Arts - Classical Music | 3 | 10.00 | 100% | 0% | 0% |
| Fine Arts - Other Fine Arts | 4 | 12.50 | 75% | 50% | 0% |
| Fine Arts - Painting & Sculpture | 7 | 12.86 | 86% | 14% | 29% |
| History - American History | 3 | 20.00 | 100% | 67% | 33% |
| History - European History | 7 | 15.71 | 100% | 43% | 14% |
| History - Other History | 5 | 16.00 | 100% | 60% | 0% |
| History - World History | 6 | 11.67 | 83% | 33% | 0% |
| Literature - American Literature | 6 | 8.33 | 83% | 0% | 0% |
| Literature - British Literature | 5 | 10.00 | 60% | 40% | 0% |
| Literature - European Literature | 5 | 8.00 | 80% | 0% | 0% |
| Literature - World Literature | 2 | 0.00 | 0% | 0% | 0% |
| Mythology | 2 | 10.00 | 100% | 0% | 0% |
| Other | 3 | 23.33 | 100% | 67% | 67% |
| Philosophy | 2 | 15.00 | 100% | 50% | 0% |
| Religion | 6 | 15.00 | 83% | 50% | 17% |
| Science - Biology | 5 | 12.00 | 100% | 20% | 0% |
| Science - Chemistry | 7 | 5.71 | 57% | 0% | 0% |
| Science - Other Science | 5 | 8.00 | 60% | 0% | 20% |
| Science - Physics | 2 | 10.00 | 50% | 50% | 0% |
| Social Science | 4 | 10.00 | 100% | 0% | 0% |